World Cities Hangman III Quiz Stats

 Plays Quiz Updated Jun 7, 2019

     
Support Sporcle.
Go Orange.
Score 0/108 Timer 04:00
1 Play Today
World City % Correct
A5???
97.6%
A7???
86.4%
S5???
86.1%
I6???
86%
O5???
84.9%
L5???
82.9%
U6???
82.7%
G5???
81.1%
N6???
81.1%
A8???
81%
I7???
80.6%
C6???
80.2%
M6???
80%
N7???
79.9%
T7???
79.6%
H6???
78.5%
*5 LETTER*???
78.5%
X5???
76.6%
*6 LETTER*???
75.9%
Z5???
75.7%
Q5???
75.7%
U7???
74.3%
X6???
73.6%
O8???
73.3%
V5???
73.3%
Q6???
72%
J5???
71.9%
Y5???
71.8%
Z6???
71.5%
J7???
70.9%
W5???
70.6%
M8???
70.5%
V6???
70.4%
J6???
70%
K5???
69.4%
*7 LETTER*???
68.3%
World City % Correct
W6???
66.7%
H8???
66.3%
F5???
66.3%
H5???
65.6%
K6???
65.5%
F6???
64.3%
Y6???
64%
K8???
63.7%
X7???
63.7%
Q7???
62.6%
U5???
62.5%
Z7???
62.3%
Y8???
61%
P6???
59.9%
G6???
58.9%
V7???
58.2%
B5???
58%
Y7???
57.8%
*8 LETTER*???
56.7%
D5???
56.5%
P5???
55.5%
W7???
55.3%
C5???
55.2%
D6???
55.1%
M5???
53.7%
B6???
53.5%
K7???
52.2%
F7???
50.1%
Q8???
49.3%
X8???
48.5%
Z8???
48.1%
P7???
47.2%
N5???
45.9%
H7???
45.4%
B7???
45.1%
G7???
45.1%
World City % Correct
L6???
44.2%
C7???
42.9%
D7???
42.8%
T5???
42.3%
R5???
41.5%
J8???
40.1%
V8???
40%
R6???
37.6%
I5???
37.4%
M7???
37.2%
W8???
35.8%
L7???
35.4%
O7???
32.5%
U8???
31.5%
F8???
31.4%
T6???
31.2%
E5???
30.5%
S6???
30.1%
P8???
29.4%
R7???
28.8%
G8???
25.8%
B8???
25.6%
S7???
24.4%
D8???
22.9%
C8???
22.6%
E7???
21.1%
O6???
19.9%
L8???
18.8%
R8???
16.9%
I8???
16.6%
N8???
16.2%
E6???
15.3%
S8???
14.8%
T8???
14.7%
A6???
13.6%
E8???
13%

From the Vault

Clueless Letter Lines: Orchestra Instruments

by esmeyny

Music 5m
If you can play all of those instruments, we'll be impressed.
Remove Ads.
Support Sporcle.
Get the best of Sporcle when you Go Orange. This ad-free experience offers more features, more stats, and more fun while also helping to support Sporcle. Thank you for becoming a member.

Show Comments

Extras

Top Quizzes Today


Score Distribution

Your Account Isn't Verified!

In order to create a playlist on Sporcle, you need to verify the email address you used during registration. Go to your Sporcle Settings to finish the process.

Report this User

Report this user for behavior that violates our Community Guidelines.

Details: